| 000 | 00579nam a2200193 i 4500 | ||
|---|---|---|---|
| 001 | 145843 | ||
| 003 | ES-MaACL | ||
| 005 | 20230906201330.0 | ||
| 007 | t| | ||
| 008 | 071017s1965 sp ||||1| spa d | ||
| 080 | _a7:069(44) | ||
| 100 | 1 |
_aVergnet-Ruiz, Jean. _9114118 |
|
| 245 | 1 | 0 |
_aMuseos provinciales franceses / _cJean Vergnet-Ruiz, Michel Laclotte. |
| 260 |
_aMadrid : _bAguilar, _c1965. |
||
| 300 |
_a364 p., 28 h. de lám. : _bil. ; _c29 cm. |
||
| 650 | 4 |
_aMuseos- _zFrancia. _9139836 |
|
| 700 | 1 |
_aLaclotte, Michel. _969373 |
|
| 852 |
_aES-MaACL _jC-27531 _bR.57084 |
||
| 999 |
_c145843 _d145843 |
||